Na ledě jako doma
| Hlavný autor: | |
|---|---|
| Médium: | Článok |
| Jazyk: | Czech |
| Témy: | |
| Zdroj: |
1. Romano voďi 1. Roč. 4, č. 6 (2006), s. 18 |
| LEADER | 00687nab#a2200289#ar4500 | ||
|---|---|---|---|
| 001 | 000083721 | ||
| 003 | SVKKK | ||
| 005 | 20070418105616.0 | ||
| 008 | 030616c2006 xr e czeo | ||
| FMT | |||
| 038 | |a SVKKK | ||
| 040 | |a SVKKK |b slo |e AACR2 | ||
| 041 | 0 | |a cze | |
| 044 | |a xr |c CZ | ||
| 080 | |a 796.966 |2 1997 | ||
| 100 | 1 | |a Bystrý, Tomáš |4 aut |4 pht | |
| 245 | 1 | 0 | |a Na ledě jako doma |c Tomáš Bystrý |
| 300 | |b Fotogr. | ||
| 600 | 1 | 4 | |a Body, Ján, |d [1992]-, |x športovec, hokejista |z Praha (Česko) |
| 773 | 0 | |t Romano voďi |g Roč. 4, č. 6 (2006), s. 18 | |
| 958 | |a BC | ||
| 958 | |a RQ | ||
| 974 | |a Fav | ||
| 992 | |a RBX | ||
| BAS | |||
| 852 | |a SVKKK |b BIB | ||
| 998 | |a ROM | ||